| 000 | 00516nam a2200169Ia 4500 | ||
|---|---|---|---|
| 003 | OSt | ||
| 005 | 20210920140323.0 | ||
| 008 | 190216s9999||||xx |||||||||||||| ||und|| | ||
| 040 | _coclc | ||
| 082 |
_a297 _bALG/F |
||
| 100 |
_aAl Ghazzali, Mohammed _98750 |
||
| 245 | 0 |
_aFannu Al Dhikruwal Duaa : _binda khathim al anbiya / _cMohammed Al Ghazzali |
|
| 260 |
_bThe Religions Department Of Qatar, _c1987. _aQatar: |
||
| 300 | _a181p | ||
| 650 | _aArabic | ||
| 942 |
_cBK _2ddc _h297 _iALG/F _k297 _mALG/F |
||
| 999 |
_c391 _d391 |
||